00618nam a2200181Ia 4500003000900000008004100009040001600050080001600066100002300082245007800105260004700183300001300230490003500243650002200278942000700300999001500307952011400322IN-BaIIA211028s9999 xx 000 0 eng d cIIA Library a523.68bHEI aHeide, Fritz94156 0aMeteoritiesc Fritz Heide  aChicagobUniversity of Chicago Pressc1964 ax, 144p. aPhonix science series; no. 522 aMeteorities94157 cBK c2323d2323 00104070aBANbBANcGENd0000-00-00g8.77l0o523.68/ HEIp2602r2021-11-05v8.77w0000-00-00yBKGRs. 8.77